LEADER 01240nam a2200265 u 4500 001 000000017755 003 CaOOAMICUS 005 20110912104554.0 008 941010s1962 it u000 u ita u 035 $a10413776 040 $aMSA$bita 100 1 $aDalla Torre, Giuseppe,$d1943-2020.$0(OLS)http://pul/name/988 245 12$aI cattolici e la vita pubblica italiana :$barticoli, saggi e discorsi /$cGiuseppe Dalla Torre ; a cura di Gabriele De Rosa. 260 $aRoma :$bedizioni cinque lune,$c1962. 300 $a2 v.$c21 cm 650 4$aCattolici$zItalia$xStoria$ySec. XIX-XX.$0(OLS)http://pul/subject/12467 700 1 $aDe Rosa, Gabriele,$d1917-2009.$0(OLS)http://pul/name/2754 850 $aPUL 852 $aPUL$W1$xDP1 Fondo Maccarrone$y58$m1513 B 3$j145659$nBK-PRI$qFondi$B25015$CPULBib$Z2$F25015 $82 852 $aPUL$W1$xDP1 Fondo Maccarrone$y58$m1513 B 4$j145660$nBK-PRI$qFondi$B25016$CPULBib$Z2$F25016 $82 941 1 $a1 961 $aINV: 2928-29. Fondo Maccarrone. 961 $aINV: 2928-29. Fondo Maccarrone. 996 $6245$aI cattolici e la vita pubblica italiana :$barticoli, saggi e discorsi$9(OLS)http://pul/title/25400 996 $6260$aRoma :$bedizioni cinque lune$9(OLS)http://pul/publisher/55429 LEADER 01324nam a2200277 a 4500 001 000000156493 003 CaOOAMICUS 005 20161118131443.0 008 161118s1994 it u000 u eng r 032 $aLibriCat 040 $aPUL$bita 100 1 $aStrieder, Leon.$0(OLS)http://pul/name/99755 245 14$aThe Promise of Obedience in Ordination Rites in the West / $cLeon Strieder . 260 $aRomae :$bPontificio Ateneo S. Anselmo,$c1994. 300 $aiv, 193 p. ; $c24 cm. 500 $aIn testa al front.: Pontificium Athenaeum S. Anselmi, Pontificium Institutum Liturgicum, Thesis ad Lauream n. 203. 502 $aTesi -- Pontificio Instituto Liturgico. Sacra Liturgia. 1994. 504 $aBibliografia in nota a pič pagina. 650 04$aObbedienza (voto).$0(OLS)http://pul/subject/25691 710 2 $aPontificio Ateneo S. Anselmo.$bPontificio Istituto Liturgico.$kTesi.$0(OLS)http://pul/name/81977 850 $aPUL 852 $aPUL$W1$xDP1 Tesi Pon. At. S. Anselmo$y29$mTH ANS 325$j179716$qTesi$B182894$CPULBib$Z2$F182894 $H73593 $82 941 1 $a16 996 $6245$aThe Promise of Obedience in Ordination Rites in the West / $9(OLS)http://pul/title/196101 996 $6260$aRomae :$bPontificio Ateneo S. Anselmo$9(OLS)http://pul/publisher/82196